UBT Library

Child development : (Record no. 42065)

000 -LEADER
fixed length control field 00757cam a22002414a 4500
001 - CONTROL NUMBER
control field 16274604
005 - DATE AND TIME OF LATEST TRANSACTION
control field 20180208033129.0
008 - FIXED-LENGTH DATA ELEMENTS--GENERAL INFORMATION
fixed length control field 100609s2011 caua b 001 0 eng
010 ## - LIBRARY OF CONGRESS CONTROL NUMBER
LC control number 2010023924
020 ## - INTERNATIONAL STANDARD BOOK NUMBER
International Standard Book Number 9781412989183 (miscellaneous (3 hole punch))
020 ## - INTERNATIONAL STANDARD BOOK NUMBER
International Standard Book Number 9781412968508 (pbk.)
040 ## - CATALOGING SOURCE
Original cataloging agency DLC
Transcribing agency DLC
041 ## - LANGUAGE CODE
Language code of text/sound track or separate title eng
080 ## - UNIVERSAL DECIMAL CLASSIFICATION NUMBER
Universal Decimal Classification number 155.4
082 00 - DEWEY DECIMAL CLASSIFICATION NUMBER
Classification number 155.4 LEV
Edition number 22
100 1# - Rafti
Rafti 48
101 ## - Shkurtesa
Shkurtesa PSI
245 10 - TITLE STATEMENT
Title Child development :
Statement of responsibility, etc Laura E. Levine, Joyce Munsch.
504 ## - BIBLIOGRAPHY, ETC. NOTE
Bibliography, etc Includes bibliographical references and index.
906 ## - LOCAL DATA ELEMENT F, LDF (RLIN)
a 7
b cbc
c orignew
d 1
e ecip
f 20
g y-gencatlg
942 ## - ADDED ENTRY ELEMENTS (KOHA)
Source of classification or shelving scheme
Item type Books
Holdings
Withdrawn status Lost status Source of classification or shelving scheme Damaged status Not for loan Collection code Permanent location Current location Shelving location Date acquired Total Checkouts Full call number Barcode Date last seen Price effective from Koha item type
          Koleksioni i përgjithshem UBT - Lipjan UBT - Lipjan Koleksioni i përgjithshem 02/08/2018   155.4 LEV 002-2998607 02/08/2018 02/08/2018 Books
UBT Library © 2015-2024. All rights reserved University Education for Business and Technology